The Hilbert Transform and Applications to Correlation Measurement /

Enregistré dans:
Détails bibliographiques
Auteur principal: Bendat, Julius S (Auteur)
Format: Livre
Langue:anglais
Publié: Naerum : Brüel and Kjaer, 1988
Tags: Ajouter un tag
Pas de tags, Soyez le premier à ajouter un tag!

MARC

LEADER 00000nam a22000003a 4500
001 stu30845
005 20150617225702.0
008 930115s1988----dk------------------eng-d
040 |a STU  |b slo 
041 0 |a eng 
044 |a dk 
080 |a 517.928.43 
100 1 |a Bendat, Julius S  |4 aut 
245 1 |a The Hilbert Transform and Applications to Correlation Measurement /  |c [aut.] Bendat,Julius S 
260 |a Naerum :  |b Brüel and Kjaer,  |c 1988 
300 |a 87 s 
996 |b J89508  |c J*89508  |l JJK9  |s P  |a 0  |w stu30845_0001